Urban Rail Systems of the Americas on a Map - Statistics

General Stats
  • This quiz has been taken 27 times
  • The average score is 49 of 59
Answers on the Map
Answers color-coded by a green-red scale on the quiz's map according to % correct below.
 
Answer Stats
Mode Country City % Correct
Metro United States Chicago
100%
Metro / Light Rail United States Los Angeles
100%
Metro United States Miami
100%
Metro / Light Rail United States New York City
100%
Metro / Light Rail United States Philadelphia
100%
Light Rail United States Phoenix
100%
Metro / Light Rail United States San Francisco
100%
Light Rail United States Seattle
100%
Metro Canada Vancouver
100%
Metro United States Atlanta
96%
Metro / Light Rail United States Boston
96%
Metro Peru Lima
96%
Metro / Light Rail Mexico Mexico City
96%
Metro Panama Panama City
96%
Light Rail United States San Diego
96%
Metro United States San Juan
96%
Metro Dominican Republic Santo Domingo
96%
Metro / Light Rail Canada Toronto
96%
Metro / Light Rail Argentina Buenos Aires
92%
Light Rail Canada Calgary
92%
Light Rail United States Dallas
92%
Light Rail United States Denver
92%
Light Rail Canada Edmonton
92%
Metro Canada Montreal
92%
Light Rail Canada Ottawa
92%
Metro / Light Rail Brazil Rio de Janeiro
92%
Metro United States Washington, D.C.
92%
Metro / Light Rail United States Baltimore
88%
Metro Brazil Brasília
88%
Metro Venezuela Caracas
88%
Metro / Light Rail Mexico Guadalajara
88%
Light Rail United States Houston
88%
Light Rail United States Portland
88%
Metro Ecuador Quito
88%
Light Rail United States Sacramento
88%
Light Rail United States Salt Lake City
88%
Light Rail United States San Jose
88%
Metro Chile Santiago
88%
Metro Brazil São Paulo
88%
Light Rail United States St. Louis
88%
Metro / Light Rail United States Cleveland
83%
Light Rail United States Minneapolis / Saint Paul
83%
Metro Mexico Monterrey
83%
Light Rail United States Buffalo
79%
Metro Colombia Medellín
79%
Metro Brazil Belo Horizonte
75%
Light Rail United States Charlotte
75%
Light Rail United States Pittsburgh
75%
Metro Brazil Recife
75%
Metro Brazil Porto Alegre
71%
Metro Brazil Fortaleza
63%
Metro Brazil Salvador
63%
Metro Venezuela Valencia
50%
Light Rail United States Norfolk
46%
Light Rail Bolivia Cochabamba
42%
Light Rail Argentina Mendoza
33%
Light Rail Canada Kitchener / Waterloo
21%
Light Rail Brazil Santos
21%
Light Rail United States Oceanside
13%
No matching quizzes found
Score Distribution
Percent of People with Each Score
Percentile by Number Answered
Your Score History
You have not taken this quiz